L'Ancien français en 18 textes et 18 leçons : S'initier à l'ancien français par les textes (notice n° 2107464)
[ vue normale ]
| 000 -LEADER | |
|---|---|
| fixed length control field | 01119cam a2200133 4500500 |
| 005 - DATE AND TIME OF LATEST TRANSACTION | |
| control field | 20260405013714.0 |
| 041 ## - LANGUAGE CODE | |
| Language code of text/sound track or separate title | fre |
| 042 ## - AUTHENTICATION CODE | |
| Authentication code | dc |
| 100 10 - MAIN ENTRY--PERSONAL NAME | |
| Personal name | Hélix, Laurence |
| Relator term | author |
| 245 00 - TITLE STATEMENT | |
| Title | L'Ancien français en 18 textes et 18 leçons : S'initier à l'ancien français par les textes |
| 260 ## - PUBLICATION, DISTRIBUTION, ETC. | |
| Name of publisher, distributor, etc. | Armand Colin,<br/> |
| Date of publication, distribution, etc. | 2014.<br/> |
| 520 ## - SUMMARY, ETC. | |
| Summary, etc. | Ce manuel d’initiation à l’ancien français présente à chacun, étudiant ou enseignant, les fondements d’une discipline obligatoire pour la licence de lettres et les concours de l’enseignement secondaire. Faisant la part belle aux textes et aux exercices d’application, il s’inscrit dans une démarche originale et efficace: couvrir un semestre universitaire au rythme d’une leçon par semaine. Chaque chapitre est constitué d’une ou deux leçons de morphologie, phonétique ou syntaxe, d’un texte traduit et commenté et d’exercices d’application. Les 18 chapitres sont complétés par deux index et un lexique. |
| 856 41 - ELECTRONIC LOCATION AND ACCESS | |
| Uniform Resource Identifier | <a href="https://shs.cairn.info/l-ancien-francais-en-18-textes-et-18-lecons--9782200286224?lang=fr&redirect-ssocas=7080">https://shs.cairn.info/l-ancien-francais-en-18-textes-et-18-lecons--9782200286224?lang=fr&redirect-ssocas=7080</a> |
Pas d'exemplaire disponible.




Réseaux sociaux